| 000 | 00585nam a2200241 a 4500 | ||
|---|---|---|---|
| 001 | nice12345678 | ||
| 003 | IN_TiNIC | ||
| 005 | 20260116012410.0 | ||
| 008 | 050524s1969 cana grp 000 0 eng | ||
| 020 |
_a _c100 |
||
| 082 | 0 | 0 |
_a235.47 _bWHY |
| 100 | _aWhyte, H A Maxwell | ||
| 245 | _aDominion Over Demons | ||
| 260 |
_aCanada _bDeeper Life Books _c1969 |
||
| 300 | _a38p | ||
| 500 | _aincludes index and biblioraphy | ||
| 505 | 2 | _aAppendix | |
| 650 | _aGood and Evil-Christianity | ||
| 700 | 1 | _aWhyte, H A Maxwell | |
| 902 | _bSRS | ||
| 942 | _cBK | ||
| 999 |
_c6864 _d6864 |
||